header

Understanding the art of sound organization (Record no. 148493)

MARC details
000 -LEADER
fixed length control field 01264nam a2200313Ia 4500
100 1# - MAIN ENTRY--AUTHOR NAME
Personal name Landy, Leigh,
245 10 - TITLE STATEMENT
Title Understanding the art of sound organization
260 ## - PUBLICATION, DISTRIBUTION, ETC. (IMPRINT)
Place of publication Cambridge, MA :
Name of publisher MIT Press,
Year of publication c2007.
300 ## - PHYSICAL DESCRIPTION
Number of Pages xiii, 303 p.
650 #0 - SUBJECT ADDED ENTRY--TOPICAL TERM
Topical Term Electronic music
Topical Term Computer music
Topical Term Electro-acoustics.
856 40 - ELECTRONIC LOCATION AND ACCESS
Uniform Resource Identifier http://site.ebrary.com/lib/rucke/Doc?id=10188264

No items available.

© 2026 Rongo University
Contact us: librarian | system librarian | Rongo university